000
00461nam a2200145Ia 4500
008
090124s9999 xx 000 0 und d
082
_b
33235
245
_a
लक्षाधीश करणारी पिके
250
_a
1
260
_b
राऊळ वि. ग.
_c
2005
300
_a
128
630
_a
लक्षाधीश करणारी पिके
730
_a
लक्षाधीश करणारी पिके
942
_c
BOOK
999
_c
180738
_d
180738